Vector analysis for mathematicians, scientists, and engineers (Record no. 9558)

000 -LEADER
fixed length control field 00588nam a2200205 4500
001 - CONTROL NUMBER
control field 9558
003 - CONTROL NUMBER IDENTIFIER
control field BD-DhUET
008 - FIXED-LENGTH DATA ELEMENTS--GENERAL INFORMATION
fixed length control field 700305s1970 enka 001 0 eng
020 ## - INTERNATIONAL STANDARD BOOK NUMBER
International Standard Book Number 0080069886
040 ## - CATALOGING SOURCE
Original cataloging agency DLC
Transcribing agency DLC
Modifying agency BD-DhUET
082 00 - DEWEY DECIMAL CLASSIFICATION NUMBER
Classification number 512.895
Item number SIM/1970
100 1# - MAIN ENTRY--PERSONAL NAME
Personal name Simons, S.
245 10 - TITLE STATEMENT
Title Vector analysis for mathematicians, scientists, and engineers
250 ## - EDITION STATEMENT
Edition statement 2d ed.
260 ## - PUBLICATION, DISTRIBUTION, ETC. (IMPRINT)
Place of publication, distribution, etc. New York
Name of publisher, distributor, etc. Pergamon Press
Date of publication, distribution, etc. 1970
300 ## - PHYSICAL DESCRIPTION
Extent vii, 192 p.
Other physical details illus.
Dimensions 20 cm.
490 0# - SERIES STATEMENT
Series statement The Commonwealth and international library, Physics division
650 #0 - SUBJECT ADDED ENTRY--TOPICAL TERM
Topical term or geographic name as entry element Vector analysis
942 ## - ADDED ENTRY ELEMENTS (KOHA)
Koha item type General Book
Holdings
Source of classification or shelving scheme Koha normalized classification for sorting Lost status Shelving location Copy number Koha full call number Not for loan Koha date last borrowed Price effective from Damaged status Date acquired Koha date last seen Koha item type Withdrawn status Location (home branch) Piece designation (barcode) Koha issues (times borrowed) Sublocation or collection (holding branch)
 512_895000000000000_SIM_1970 Circulation section1512.895/SIM/1970  2015-01-31 2015-01-312015-01-31General Book Central Library, BUET34603 Central Library, BUET
 512_895000000000000_SIM_1970 Circulation section2512.895/SIM/1970 2018-05-132015-04-05 2015-04-052018-05-15General Book Central Library, BUET346021Central Library, BUET